AP Brainrot Exam (Comprehensive) - Statistics

General Stats
  • This quiz has been taken 760 times
  • The average score is 40 of 92
Answer Stats
Hint Answer % Correct
charm with the ladies/bros rIzz
99%
Supreme type of man (lone wolf) sigma
96%
a certain toilet which is peak skibidi toilet | skibidi
95%
One might refer to it as level ten gyatt
89%
When you spit on that thang hawk tuah
78%
The act of stealing food fanum tax
77%
A way to optimize your jawline mew | looksmaxx
77%
Popular video game in 2020 which involves mystery and player deduction among us
75%
A measure of presence a person has / the atmosphere around such person aura
71%
Peak game with gyatt skins and chug jugs fortnite
71%
Purple mcdonalds shake grimace shake
71%
a pig who is calling john pork
71%
goofiest state ohio
71%
song of the year ( _____ of it) (KSI) thick
71%
Ninjas fresh cut low taper fade
70%
Who rizzed up livvy dune Baby gronk
69%
Fattest man alive caseoh
69%
Food you put in the bag (put the ___ in the bag) fries|frys
67%
Black streamer who is short kai cenat
66%
Type of Music the people above listen to phonk
66%
Peak podcast which is nonchalant and underrated (female host) Talk tuah
66%
___ noscope 360
65%
i like my cheese _____ bruh (logan paul) drippy
65%
Energy drink with lots of electrolytes and is in a certain lunch pack Prime
64%
very _____ very mindful demure
63%
Just gimme my _____ money
60%
calc is slang for calculator
59%
A fat rabbit who is epic big chungus
58%
popular dance right foot creep griddy
57%
a popular travis scott song for sigmas fein | nightcrawler
56%
stroking yo chode and not bussin but more intense and sometimes done in a cave goon | gooning
56%
playboy, businessman, sigma, escaper of the matrix, sparkling water lover, chess enjoyer, alpha wolf andrew tate
54%
Built this ____ by ____ brick
54%
I just lost my ___ dog | dawg
54%
the act of doing stretch motions to enlarge yo glizzy jelq | jelqing
54%
a certain type of water associated with sigmas still water
54%
A donation which equates to 1000 tiktok coins (is that a ______?) galaxy
53%
Highly anticipated yet still not released game (open world action adventure) GTA 6
51%
A song which is sigma and has a certain type of tropical fruit mango
50%
______ rage balkan
49%
Character who says "erm what the sigma" squidward
49%
The ultimate sigma businessman movie character Patrick bateman
46%
A controversial and red social media app reddit
46%
To get mad, and lose it often resulting in violent activity crash out | crashout
45%
Freaky record label owner Diddy | P diddy | sean diddy combs
45%
The Costco guys choice of dessert double chunk chocolate cookie
45%
hey guys ______ ______ here quandale dingle
45%
Ishowspeeds nickname Ishowmeat
43%
A certain clown fella who asks a question and can beatbox Jonkler
43%
Hit song dissing the bbl zest king not like us
43%
The social media comment which states that there is only a certain group who possesses the knowledge to understand the post. those who know
43%
he is two steps ahead nikocado avocado | avocado | nikocado
42%
A level 10 gyatt from the game above chun li | mrs incredible | raven team leader
41%
cartoon character who hates n Peter griffin
40%
___ status unc
37%
The question the fella says why so serious
37%
What you say to freeze someone who isnt sus english or spanish
36%
Creator of the series above DaFuq?!Boom!
34%
an alternate name for a type of player in the game above (japan warning) sussy baka
34%
the school made by the person above hustlers university
33%
the pokemon most suitable for breeding vaporeon
31%
Anime MC with a detriot smash (loves bakutoe) deku
29%
Lil t mans snack of choice galaxy gas
28%
The Ultimate speed insulter/rapper packgod
28%
Three letter word to describe young delinquents yns
28%
and hear the sound of _______ (song) silence
24%
put that ______ down (a delectable treat) cookie
23%
The chemical which releases when you russian flicker goon and get ready to face to opps +sigma noradrenaline
23%
do you know the ___ wae
23%
Adrian explain the friend group we are ohio
23%
am i early or is this just ________ (creator of the let him cook meme) vexbolts
21%
Essentially means the phrase above but with three numbers 808
20%
the guy who was batakam dreamybull
20%
Tucos Catchphrase get out
20%
An ancient social media app with a smiley face iFunny
20%
the most sigma content creator duo. One of them has purple hair. (____box) lankybox
19%
ice cream yummy pepper _____ yucky
18%
Pyrocinicals favorite genre (sonic is known for it) furry | inflation
16%
Dragons have invaded ____ and _____ (an arcade) (whole name including "and") dave and busters
15%
The certain character who is a vegetable version of themselves (high IQ show) (name of the veggie version) pickle rick
15%
My friends refer to me as the ____ _____ rick friend
13%
a term used to describe someone of low testosterone and a gaping mouth (typically portrayed as bald glasses and beard) soyjack | wojak | soyboy
13%
A dragon ball pill which is green broly boost
11%
They reside at seaside and listen to keshi ABGs
9%
Chill i was ______ geeked
9%
An amazon prime show with a fanbase of gooners (50k) hazbin hotel | hasbin hotel
9%
I have ______ nothing
8%
Caucasian Tiktoker with a backwards hat and beard. One of the members of the saints. Idksterling
6%
A bussin white guy with glasses who is the funniest man alive (tiktok) Maddox is bussin | madox | maddox
6%
A nugget who is named after a musical artist nettspend nugget
4%
lie back close your eyes and try to do a _____ (big nate) situp
3%
A high IQ cartoon character which is doing an act of expressing himself and is made with AI. (Name Verb) rick laughing | rick laugh
2%
No matching quizzes found
Score Distribution
Percent of People with Each Score
Percentile by Number Answered
Your Score History
You have not taken this quiz